[Event "Kingston Easter U1900"]
[Site "Kingston"]
[Date "2019.04.19"]
[Round "3.33"]
[White "Frangakis, Evan"]
[Black "Perkins, Simon"]
[Result "0-1"]
[WhiteElo "1547"]
[BlackElo "1753"]
[PlyCount "82"]
[EventDate "2019.04.18"]
[EventType "swiss"]
[EventRounds "9"]
[EventCountry "CAN"]
[SourceTitle "EXT 2022"]
[Source "ChessBase"]
[SourceDate "2021.10.06"]
[SourceVersion "1"]
[SourceVersionDate "2021.10.06"]
[SourceQuality "1"]

1. d4 e6 2. c4 f5 3. Nc3 Nf6 4. Bg5 c6 5. a3 d5 6. e3 Be7 7. Bd3 0-0 8. Nge2 Nbd7 9. Nf4 Nb8 10. c5 Ne4 11. Bxe7 Qxe7 12. Nfe2 Nd7 13. f3 Nxc3 14. Nxc3 e5 15. 0-0 exd4 16. exd4 Qe3+ 17. Kh1 Qxd4 18. Ne2 Qxc5 19. Nf4 Ne5 20. Bc2 Bd7 21. Rc1 Qd6 22. Re1 Rae8 23. Qd4 b6 24. Bb3 g5 25. Ne2 Rf6 26. f4 Ng4 27. h3 Re4 28. Qd2 Rh6 29. Kg1 Ne3 30. Nc3 gxf4 31. Nxe4 fxe4 32. Re2 Rg6 33. Kh1 Kh8 34. Qd4+ Kg8 35. Qxe4 Nf5 36. Qe5 Qf8 37. Rd2 Re6 38. Qxf4 Re4 39. Qf3 Re3 40. Qg4+ Kh8 41. Bc2 Ng3+ 0-1

[Event "Outaouais op U1500"]
[Site "Gatineau"]
[Date "2015.06.07"]
[Round "4"]
[White "Simard, Paul"]
[Black "Frangakis, Evan"]
[Result "0-1"]
[WhiteElo "1144"]
[BlackElo "1470"]
[PlyCount "113"]
[EventDate "2015.06.05"]
[EventType "swiss"]
[EventRounds "5"]
[EventCountry "CAN"]
[SourceTitle "EXT 2019"]
[Source "ChessBase"]
[SourceDate "2018.10.10"]
[SourceVersion "1"]
[SourceVersionDate "2018.10.10"]
[SourceQuality "1"]

1. f4 d5 2. Nf3 Nf6 3. e3 g6 4. b3 Bg7 5. Bb2 0-0 6. Bd3 b6 7. Ne5 Bb7 8. 0-0 Nbd7 9. c4 Nc5 10. Be2 Nfd7 11. Bf3 Nxe5 12. fxe5 Nd3 13. Bc3 Nxe5 14. Bxe5 Bxe5 15. Nc3 e6 16. Rc1 Rb8 17. d4 Bg7 18. Ne2 dxc4 19. Bxb7 Rxb7 20. Rxc4 Qf6 21. Nf4 Rd8 22. Qc1 e5 23. Nh3 Qe7 24. dxe5 Bxe5 25. Kh1 c5 26. Rg4 Qd7 27. Rh4 Qd2 28. Qxd2 Rxd2 29. Ng5 h5 30. Nf3 Rd5 31. Re4 Bg7 32. Re8+ Kh7 33. e4 Rdd7 34. e5 Re7 35. Ng5+ Kh6 36. Rxe7 Rxe7 37. Nxf7+ Kh7 38. Ng5+ Kg8 39. e6 b5 40. Rf7 Rxf7 41. Nxf7 c4 42. bxc4 bxc4 43. Nd6 Kf8 44. Nxc4 Ke7 45. Na5 Kxe6 46. a4 Kd5 47. Nb7 Kc6 48. Nd8+ Kc5 49. h3 Kb6 50. Ne6 Be5 51. g4 hxg4 52. hxg4 Ka5 53. Nc5 Bf4 54. Kg2 Be3 55. Kf3 Bc1 56. Ke4 g5 57. Kf5 0-1